| 000 | 01521nam0a2200325 4500 | ||
|---|---|---|---|
| 001 | RU\NLR\bibl\151727 | ||
| 005 | 20260405062431.0 | ||
| 010 |
_a5-93227-001-2 _9200 |
||
| 035 | _a(NLR Aleph) 000148734 | ||
| 090 |
_a853117 _c853117 |
||
| 100 | _a20010426d2000 |||y0rusy50 ca | ||
| 101 | 0 | _arus | |
| 102 | _aRU | ||
| 105 | _aac ||||||||| | ||
| 200 | 1 |
_aНемецкая национальная школа в Сибири (XVIII в.-1938 г.) _fИ.В. Черказьянова _gМ-во по делам федерации и национальностей Рос. Федерации, Обществ. акад. наук рос. немцев |
|
| 210 |
_aМ. _cОбществ. акад. наук рос. немцев _d2000 |
||
| 215 |
_a305, [2] с. _cил., портр. _d20 |
||
| 225 | 1 |
_aРоссийские немцы: исторические материалы и исследования _dDie Ruβlandeutschen: historische Unterlagen _eИРН |
|
| 316 |
_aС автогр. авт. _5NLR |
||
| 320 | _aИмен. указ.: с. 274-282 | ||
| 320 | _aБиблиогр.: с. 283-301 (233 назв.) | ||
| 606 | 0 |
_aНемцы в Сибири _xНародное образование _92203403 _3RU\NLR\auth\661323944 |
|
| 686 | _aЧ34(2Р)45 | ||
| 686 | _aЧ33(2Р) | ||
| 700 | 1 |
_4070 _7ca _8rus _aЧерказьянова _bИ. В. _gИрина Васильевна _94249 _3RU\NLR\auth\7721185 |
|
| 801 | 0 |
_aRU _bNLR _c20010426 _gPSBO |
|
| 801 | 1 |
_aRU _bNLR _c20010426 |
|
| 942 | _cBOOK | ||
| 980 | _aNB | ||